MARC

LEADER 00000nam0a2200000 4500
001 355568
005 20231102010816.0
035 |a (RuTPU)RU\TPU\retro\12828 
090 |a 355568 
100 |a 20200709d1944 m y0rusy50 ca 
101 0 |a rus 
102 |a RU 
105 |a a z 000zy 
200 1 |a Круглая и плоская шлифовка  |f В. В. Кузьмин 
210 |a Новосибирск  |c Новосибирское областное государственное издательство  |d 1944 
215 |a 34 с.  |c ил. 
225 1 |a В помощь молодому рабочему 
300 |a Подписано к печати 7 января 1944 г. 
606 1 |a Шлифование металлов, плоское  |2 stltpush  |3 (RuTPU)RU\TPU\subj\19356  |9 44612 
610 1 |a коллекция: 1941-1945 гг. 
610 1 |a круглое шлифование 
610 1 |a шлифовальные круги 
610 1 |a круглошлифовальные станки 
610 1 |a плоскошлифовальные станки 
610 1 |a приспособления 
610 1 |a обслуживание 
610 1 |a техника безопасности 
675 |a 621.923.1  |v 4 
700 1 |a Кузьмин  |b В. В. 
801 1 |a RU  |b 63413507  |c 20200709 
801 2 |a RU  |b 63413507  |c 20200715  |g RCR 
942 |c BK